000 00334nam a22001457a 4500
008 210305b ||||| |||| 00| 0 eng d
020 _a9780801663314
041 _aeng
080 _23rd
_a159.9
082 _a159.9
100 _a48
101 _aPSI
245 _aMental Health Psychiatric Nursing
_cRawlins,R. P
942 _2udc
_cBK
999 _c55854
_d55854